[Event "Madrid-ch Seniors 50"]
[Site "Madrid"]
[Date "2017.01.13"]
[Round "5"]
[White "Elissalt Cardenas, Hector"]
[Black "Kejo, Janne"]
[Result "1-0"]
[WhiteElo "2379"]
[BlackElo "2059"]
[PlyCount "68"]
[EventDate "2017.01.09"]
[EventType "swiss"]
[EventRounds "9"]
[EventCountry "ESP"]
[SourceTitle "CBM 176 Extra"]
[Source "ChessBase"]
[SourceDate "2017.03.02"]
[SourceVersion "1"]
[SourceVersionDate "2017.03.02"]
[SourceQuality "1"]

1. d4 Nf6 2. c4 e6 3. Nf3 b6 4. g3 Bb7 5. Bg2 Be7 6. 0-0 0-0 7. d5 d6 8. Nc3 e5 9. e4 Re8 10. Rb1 Nbd7 11. Ne1 Nf8 12. Nd3 N6d7 13. b4 a6 14. Be3 Ng6 15. Qd2 Nf6 16. f3 Bc8 17. c5 Bd7 18. cxb6 cxb6 19. b5 axb5 20. Nb4 Rc8 21. Rfc1 Bf8 22. Bf1 h6 23. Nxb5 Rxc1 24. Rxc1 Qb8 25. Qf2 Rc8 26. Rxc8 Bxc8 27. Bxb6 Ne8 28. a4 Bd7 29. a5 Ne7 30. Na7 Nc8 31. Nxc8 Qxc8 32. a6 Nc7 33. Bxc7 Qxc7 34. a7 Qa5 1-0

[Event "Arnold Cup"]
[Site "Gausdal"]
[Date "1995.??.??"]
[Round "7"]
[White "Zetterberg, Staffan"]
[Black "Kejo, Janne"]
[Result "1-0"]
[WhiteElo "2170"]
[BlackElo "2125"]
[PlyCount "95"]
[EventDate "1995.04.??"]
[EventType "swiss"]
[EventRounds "9"]
[EventCountry "NOR"]
[SourceTitle "EXT 1998"]
[Source "ChessBase"]
[SourceDate "1997.11.17"]
[SourceVersion "1"]
[SourceVersionDate "1997.11.17"]
[SourceQuality "1"]

1. c4 e5 2. Nc3 Nf6 3. g3 Bb4 4. Bg2 Nc6 5. Nf3 0-0 6. Qc2 d6 7. 0-0 Bg4 8. a3 Bxc3 9. Qxc3 Qd7 10. Re1 Rae8 11. b4 Ne4 12. Qc2 f5 13. b5 Nd8 14. Bb2 Ne6 15. d3 Nf6 16. a4 Qf7 17. Nd2 f4 18. Nf3 Qh5 19. c5 Bh3 20. cxd6 cxd6 21. Qc4 d5 22. Qb3 Bxg2 23. Kxg2 Nd4 24. Bxd4 exd4 25. Qb4 fxg3 26. hxg3 Ng4 27. Rh1 Qf5 28. Rae1 Ne5 29. Rhf1 Nxf3 30. exf3 Qxf3+ 31. Kg1 Rxe1 32. Qxe1 Qf7 33. Qe5 Re8 34. Qxd4 b6 35. Rc1 h6 36. Rc6 Re1+ 37. Kg2 Qh5 38. Qh4 Qd1 39. Rc8+ Kh7 40. Qh2 Qxd3 41. Qh4 Qf1+ 42. Kf3 Qe2+ 43. Kg2 Qd1 44. Qd8 Qd4 45. Qh8+ Kg6 46. Rc6+ Kh5 47. Rxh6+ Kg5 48. f4+ 1-0